Southville International School and Colleges
Your cart is empty.
  • Cart
  • Lists
    Public lists Eva Luna New books Lux_list list_1
    Your lists Log in to create your own lists
  • Log in to your account
  • Your cookies
  • Search history
Southville International School and Colleges
  • Advanced search
  • Recent comments
  • Most popular
  • Libraries

Log in to your account

Log in with GOOGLE


If you do not have an external account, but do have a local account, you can still log in:

  1. Home
  2. MARC view: New interchange 3A :
Normal view MARC view ISBD view

New interchange 3A : (Record no. 7229)

[ view plain ]
MARC details
000 -LEADER
fixed length control field 00716nam a22002297a 4500
003 - CONTROL NUMBER IDENTIFIER
control field OSt
005 - DATE AND TIME OF LATEST TRANSACTION
control field 20140310181927.0
008 - FIXED-LENGTH DATA ELEMENTS--GENERAL INFORMATION
fixed length control field 130322t xxu||||| |||| 00| 0 eng d
020 ## - INTERNATIONAL STANDARD BOOK NUMBER
International Standard Book Number 0521628407
050 ## - LIBRARY OF CONGRESS CALL NUMBER
Classification number PE 1128
Item number .R514 1998
082 ## - DEWEY DECIMAL CLASSIFICATION NUMBER
Classification number TRE 428.24
Item number R39 1998
100 ## - MAIN ENTRY--PERSONAL NAME
Personal name Richards, Jack
9 (RLIN) 857
245 ## - TITLE STATEMENT
Title New interchange 3A :
Remainder of title english for international communication /
Statement of responsibility, etc Jack C. Richards
260 ## - PUBLICATION, DISTRIBUTION, ETC. (IMPRINT)
Place of publication, distribution, etc Cambridge, U.K. ; New York, NY, USA :
Name of publisher, distributor, etc Cambridge University Press,
Date of publication, distribution, etc 1997
300 ## - PHYSICAL DESCRIPTION
Extent 48 p.
Other physical details ill. ;
Dimensions 28 cm.
521 ## - TARGET AUDIENCE NOTE
Target audience note
541 ## - IMMEDIATE SOURCE OF ACQUISITION NOTE
-- 1
562 ## - COPY AND VERSION IDENTIFICATION NOTE
Number of copies 1
650 ## - SUBJECT ADDED ENTRY--TOPICAL TERM
Topical term or geographic name as entry element English
General subdivision Communication
9 (RLIN) 2449
650 ## - SUBJECT ADDED ENTRY--TOPICAL TERM
Topical term or geographic name as entry element English
General subdivision Study and teaching
9 (RLIN) 2450
942 ## - ADDED ENTRY ELEMENTS (KOHA)
Source of classification or shelving scheme Library of Congress Classification
Koha item type
Call number prefix
Holdings
Withdrawn status Lost status Source of classification or shelving scheme Damaged status Home library Current library Shelving location Date acquired Total Checkouts Total Renewals Full call number Barcode Date last seen Date checked out Copy number Price effective from Koha item type
    Library of Congress Classification   Luxembourg Library Luxembourg Library Teachers Reference Section 07/20/2013 4 7 PE 1128 .R514 1998 15114 07/10/2019 05/30/2019 1 07/20/2013 Books

New interchange 3A :

APA

Richards J., . (1997). New interchange 3A. Cambridge, U.K. ; New York, NY, USA: Cambridge University Press.

Chicago

Richards Jack, . 1997. New interchange 3A. Cambridge, U.K. ; New York, NY, USA: Cambridge University Press.

Harvard

Richards J., . (1997). New interchange 3A. Cambridge, U.K. ; New York, NY, USA: Cambridge University Press.

MLA

Richards Jack, . New interchange 3A. Cambridge, U.K. ; New York, NY, USA: Cambridge University Press. 1997.

  • Place hold
  • Print
  • Cite
  • Add to your cart (remove)
  • Save record
    BIBTEX Dublin Core MARCXML MARC (non-Unicode/MARC-8) MARC (Unicode/UTF-8) MARC (Unicode/UTF-8, Standard) MODS (XML) RIS
  • More searches
    Search for this title in:
    Other Libraries (WorldCat) Other Databases (Google Scholar) Online Stores (Bookfinder.com) Open Library (openlibrary.org)

Exporting to Dublin Core...

SOUTHVILLE LIBRARY

Southville International School and Colleges Library

1281 Tropical Ave. Cor. Luxembourg St., BF Homes International, Las Pinas City

Tel. No. 8256374 / 252358 Loc. 117/146

Powered by Koha